Biblioteca completa de educación o instrucciones para las señoras jóvenes (Record no. 8475)

MARC details
000 -CABECERA
campo de control de longitud fija 00952nam a2200229 a 4500
001 - NÚMERO DE CONTROL
campo de control BRCA_8824
005 - FECHA Y HORA DE LA ÚLTIMA TRANSACCIÓN
campo de control 20190320210427.0
008 - DATOS DE LONGITUD FIJA--INFORMACIÓN GENERAL
campo de control de longitud fija 260417c--------sp-#######---#000-0#spa-#
041 ## - CÓDIGO DE LENGUA
Código de lengua del texto/banda sonora o título independiente spa
044 ## - CÓDIGO DEL PAÍS DE LA ENTIDAD EDITORA/PRODUCTORA
Código MARC del país sp
084 ## - OTRO NÚMERO DE CLASIFICACIÓN
Número de clasificación BE205
Número de documento/Ítem .J43
100 1# - ENTRADA PRINCIPAL--NOMBRE DE PERSONA
Nombre de persona Jeann-Marie
Títulos y otros términos asociados al nombre Le prince de Beaumont
9 (RLIN) 21992
245 10 - MENCIÓN DE TÍTULO
Título Biblioteca completa de educación o instrucciones para las señoras jóvenes
Resto del título en la edad de entrar ya en la sociedad y poderse casar
Mención de responsabilidad, etc. obra escrito en francés por Madama Le Prince de Beaumont, y traducida al castellano por Don Joseph de la Fresa.
Resto del título En la Imprenta de D. Manuel Martin, donde se hallará
300 ## - DESCRIPCIÓN FÍSICA
Extensión 265 p. (t.5)
Dimensiones 15.2 x 10.5 cm.
500 ## - NOTA GENERAL
Nota general Con las licencias necesarias
500 ## - NOTA GENERAL
Nota general Estado físico: presenta encuadernación en pergamino
650 14 - PUNTO DE ACCESO ADICIONAL DE MATERIA--TÉRMINO DE MATERIA
Término de materia o nombre geográfico como elemento de entrada Mujer
Subdivisión general Educación
9 (RLIN) 21993
650 14 - PUNTO DE ACCESO ADICIONAL DE MATERIA--TÉRMINO DE MATERIA
Término de materia o nombre geográfico como elemento de entrada Educación
Subdivisión cronológica Obras anteriores a 1800
9 (RLIN) 21679
700 1# - PUNTO DE ACCESO ADICIONAL--NOMBRE DE PERSONA
Nombre de persona Fresa, Joseph de la
Término indicativo de función/relación tr.
9 (RLIN) 21994
902 ## - CATALOGADOR
Iniciales CFM
942 ## - ELEMENTOS DE PUNTO DE ACCESO ADICIONAL (KOHA)
Fuente del sistema de clasificación o colocación Library of Congress Classification
Tipo de ítem Koha Libros
Holdings
Estado de retiro Estado de pérdida Estado dañado No para préstamo Localización permanente Ubicación/localización actual Fecha de adquisición Total de préstamos Signatura topográfica completa Código de barras Fecha visto por última vez Precio válido a partir de Tipo de ítem Koha
El ejemplar forma parte de la colección y puede ser consultado según las políticas vigentes.       Biblioteca del Museo Franz Mayer (Rogerio Casas-Alatriste) Biblioteca del Museo Franz Mayer (Rogerio Casas-Alatriste) 26/04/2017   BE205 .J43 CFM00151 22/03/2019 22/03/2019 Libros